000 01275nam a22003377a 4500
003 CHAP
005 20220329143226.0
008 070425d2006 mx a r 00110 spa d
010 _a93559
011 _a94531
020 _a9688177865
035 _a105123
040 _cCHAP
090 _aFolleto 17210
110 2 _aMéxico. Secretaría de Medio Ambiente y Recursos Naturales
_977199
245 1 0 _aEstrategia de educación ambiental para la sustentabilidad en México (versión ejecutiva):
_bestrategia nacional 2006-2014
_c/por Secretaría de Medio Ambiente y Recursos Naturales
260 _aMexico, D. F. :
_bSecretaría de Medio Ambiente y Recursos Naturales,
_c2006
300 _a46 p. :
_bilus.
590 _aBATCH-UPD
_b10
_c20130110
_lUCH01
_h0959
590 _aBATCH-UPD
_b10
_c20130410
_lUCH01
_h0611
590 _aBATCH-UPD
_b10
_c20130914
_lUCH01
_h1157
590 _aCONVERSION
_b10
_c20130109
_lUCH01
_h1352
650 1 4 _aDesarrollo sustentable
_xMéxico.
_932090
650 1 4 _aEducación ambiental.
_935556
650 1 4 _aMedio ambiente
_xProtección
_zMéxico.
_974111
650 1 4 _aRecursos naturales
_xMéxico.
_995299
901 _aBK
905 _aMarco A. Mendoza T.
942 _cFOLL
949 _aFolleto 17210
_bBC
_cFOLL
_d33724002030611
_eTS1
_i105123
_sb
999 _c93559
_d93559